Backward Spelling Of European Capitals - Statistics

General Stats
  • This quiz has been taken 27 times
    11 since last reset
  • The average score is 30 of 45
Answer Stats
Answer % Correct
Agir
88%
Emor
88%
Olso
88%
Sirap
88%
Acirogdop
75%
Aifos
75%
Anitsirp
75%
Anneiv
75%
Bergaz
75%
Eugarp
75%
Iknisleh
75%
Kivajkyer
75%
Negahnepoc
75%
Nilreb
75%
Nnillat
75%
Slessurb
75%
Snehta
75%
Suinliv
75%
Tsepadub
75%
Tserahcub
75%
Uanisihc
75%
Wasraw
75%
Wocsom
75%
Zudav
75%
Anarit
63%
Avalsitarb
63%
Dirdam
63%
Ejpoks
63%
Gruobmexul
63%
Madretsma
63%
Mlohkcots
63%
Nilbud
63%
Nodnol
63%
Ocanom
63%
Ovejaras
63%
Veik
63%
Allev Al Arrodna
50%
Anajlbujl
50%
Attellav
50%
Edargleb
50%
Ksnim
50%
Nobsil
50%
Nreb
50%
Ytic Nacitav
50%
Oniram Nas
38%
No matching quizzes found
Score Distribution
Percent of People with Each Score
Percentile by Number Answered
Your Score History
You have not taken this quiz since the last reset